| 000 | 02433cam a2200289 a 4500 | ||
|---|---|---|---|
| 003 | OSt | ||
| 005 | 20200831115517.0 | ||
| 008 | 081030s2007 ck r 100 0 spa d | ||
| 020 | _a9789588298450 | ||
| 040 |
_aDLC _cCO-JMCR _dCO-BoPUJ |
||
| 041 | 0 | _aspa | |
| 082 | 0 | 4 |
_a344.02 / _bH565g _223 |
| 100 | 1 |
_aHerrera Vergara, José Roberto, _eeditor _98955 |
|
| 245 | 1 | 0 |
_aGlobalización laboral y de la seguridad social _ceditor José Roberto Herrera Vergara |
| 250 | _aPrimera edición | ||
| 260 |
_aBogotá : _bEditorial Universidad del Rosario, _c2007. |
||
| 300 |
_a184 páginas _c24 cm. |
||
| 490 | 0 | _aColección textos de jurisprudencia | |
| 505 | 0 |
_tDe la seguridad social / _rAlejandro Venegas Franco. -- _tLa trasnacionalización del derecho del trabajo y la responsabilidad del empresario / _rJoaquín Aparicio Tovar. _tEl derecho laboral colombiano frente a los procesos de integración y trasnacionalización / _rGermán Valdés Sánchez. _tLa jerarquía y efectividad de las normas internacionales del trabajo en el derecho colombiano / _rCarlos Ernesto Molina Monsalve. _tTendencias de la seguridad social en la Unión Europea / _rEnrico Traversa. _gEl _tEl futuro de los regímenes pensionales en América Latina / _rMario Pasco Cosmópolis. _tDerechos humanos en el trabajo / _rPatricia Cursín Villalobos. _tUruguay en el contexto del derecho al trabajo / _rNelson Lustanov Domínguez. -- _tEl derecho laboral y trabajo informal en la globalización / _rJosé Roberto Herrera Vergara. _tEfectos laborales de la integración _rÓscar Hernández Álvarez. _tHacia un nuevo sistema de protección en Colombia _rOlga Lucía Acosta Navarro. _tRonda final de preguntas generales. |
|
| 520 | _aLa globalización económica, hecho inevitable en el mundo moderno, ha aparejado un cambio significativo y vertiginoso en las instituciones prácticas laborales. a su turno, muchos abogan hoy por la necesidad de una globalización social. Esta interesantísima temática es, sin duda, la más relevante en esta disciplina del derecho porque comporta un nuevo examen de su identidad y una visión de su futuro. | ||
| 650 | 1 | 4 |
_aDerecho laboral _vCongresos _99480 |
| 650 | 2 | 4 |
_aSeguridad social _xAspectos jurídicos _vCongresos _99481 |
| 650 | 2 | 4 |
_aDerecho laboral _zColombia _vCongresos _99482 |
| 650 | 2 | 4 |
_aSeguridad social _xAspectos jurídicos _vCongresos _zColombia _99483 |
| 650 | 2 | 4 |
_aGlobalización _vCongresos _99484 |
| 942 |
_2ddc _cBK |
||
| 999 |
_c6806 _d6806 |
||